• 首页
  • 本馆介绍
  • 公告通知
  • 最新文献
  • 馆藏检索
  • 电子资源
  • 读者导购
  • 参考咨询
  • 我的图书馆
  • 登录
  • 详细信息显示
  • 放入我的书架
  • 预约/预借图书
  • 作者相关作品
  • 分类相关作品
  • 丛书相关作品
  • 出版社相关作品

书目信息

  • 表格格式
  • 工作单格式
  • 卡片格式
题名:
平面设计与广告创意
    
 
作者: 殷菲 著
分册:  
出版信息: 长沙   湖南师范大学出版社  2021.4
页数: 192页
开本: 24cm
丛书名:
单 册:
中图分类: J511 , J524.3
科图分类:
主题词: 平面设计 , 广告设计
电子资源:
ISBN: 978-7-5648-3173-8
000 00804nam0 2200253 45
001 490033
005 20140817155140.0
010    @a978-7-5648-3173-8@dCNY56.50
100    @a20181129d2018 em y0chiy0110 ea
101 0  @achi
102    @aCN@b430000
105    @aa z 000yy
106    @ar
200 1  @a平面设计与广告创意@Aping mian she ji yu guang gao chuang yi@f殷菲著
210    @a长沙@c湖南师范大学出版社@d2021.4
215    @a192页@c图@d24cm
330    @a本书分九个部分,内容包括:平面设计的发展、平面设计的基本知识、平面设计的造型要素、平面设计的基本原理、广告的发展和分类、广告创意的基本知识等。
606 0  @a平面设计
606 0  @a广告设计
690    @aJ511@v5
690    @aJ524.3@v5
701  0 @a殷菲@Ayin fei@4著
801    @aCN@b江苏凤凰@c20211018
905    @b1355358-61@dJ511@e640@f4
    
    平面设计与广告创意/殷菲著.-长沙:湖南师范大学出版社,2021.4
    192页:图;24cm
    
    
    ISBN 978-7-5648-3173-8:CNY56.50
    本书分九个部分,内容包括:平面设计的发展、平面设计的基本知识、平面设计的造型要素、平面设计的基本原理、广告的发展和分类、广告创意的基本知识等。
●
相关链接 在E读中查询图书 在五车中查询图书 在当当中查询图书 在豆瓣中查询图书


正题名:平面设计与广告创意     索取号:J511/640         预约/预借

序号 登录号 条形码 馆藏地/架位号 状态 备注
1 1355358   213553581   第一样本阅览室/ [索取号:J511/640] 在馆    
2 1355359   213553590   第一借阅区/ [索取号:J511/640] 在馆    
3 1355360   213553607   第一借阅区/ [索取号:J511/640] 在馆    
4 1355361   213553616   第一借阅区/ [索取号:J511/640] 在馆    
唐山师范学院图书馆 欢迎您!
大连网信软件有限公司© 版权所有